| 000 | 00000nam 2200000za 4500 |
| 001 | 9.816824 |
| 003 | CaOODSP |
| 005 | 20221107142333 |
| 007 | cr ||||||||||| |
| 008 | 160504s2016 oncabd ob f000 0 fre d |
| 040 | |aCaOODSP|bfre |
| 043 | |an-cn--- |
| 086 | 1 |aFs70-6/2016-017F-PDF |
| 245 | 00|aRisques et avantages des activités d'ensemencement avec du saumon juvénile élevé en captivité jusqu'à l'âge adulte pour la valeur adaptative du saumon de l'Atlantique sauvage (Salmo salar) |h[ressource électronique]. |
| 246 | 37|aEnsemencement avec du saumon adulte élevé en captivité : risques pour la valeur adaptative du saumon sauvage |
| 260 | |a[Ottawa] : |bPêches et Océans Canada, |c2016. |
| 300 | |a38 p. : |bill. |
| 490 | 1 |aSecrétariat canadien de consultation scientifique, avis scientifique, |x1919-5117 ; |v2016/017, Région du Golfe |
| 500 | |aPublié aussi en anglais sous le titre : Risks and benefits of juvenile to adult captive-reared supplementation activities to fitness of wild Atlantic salmon (Salmo salar). |
| 500 | |a« Avril 2016. » |
| 504 | |aComprend des références bibliographiques (p. 27-29). |
| 692 | 07|2gccst|aRessources halieutiques |
| 692 | 07|2gccst|aPoisson de mer |
| 692 | 07|2gccst|aZone de pêche |
| 692 | 07|2gccst|aGestion des pêches |
| 710 | 1 |aCanada. |bMinistère des pêches et des océans. |
| 710 | 2 |aSecrétariat canadien de consultation scientifique. |
| 775 | 08|tRisks and benefits of juvenile to adult captive-reared supplementation activities to fitness of wild Atlantic salmon (Salmo salar) |w(CaOODSP)9.816822 |
| 830 | #0|aAvis scientifique (Secrétariat canadien de consultation scientifique)|x1919-5117 ; |v2016/017, Région du Golfe|w(CaOODSP)9.502624 |
| 856 | 40|qPDF|s1.17 Mo|uhttps://publications.gc.ca/collections/collection_2016/mpo-dfo/Fs70-6-2016-017-fra.pdf |